000 00864nas a2200265 4500
001 BR9903758
003 BR-BrBNA
005 20231205101515.0
007 ta
008 230509b bl.|||p| |||| 00| 00por d
040 _aBR-BrBNA
_bpor
_cBiblioteca Nacional de Agricultura
041 _a(Pt)
072 _aP06; F06
100 1 _aMasiero, L.A.M.
100 1 _aOliveira Filho, D.
100 1 _aOliveira, R.A. de
245 1 _aUtilizacao de inversores de frequencia para racionalizacao do uso da energia eletrica em sistema de irrigacao do tipo pivo central
650 _aEnergia Eletrica
650 _aIrrigacao
650 _aCusto Operacional
650 _aPivo Central
773 0 _tEngenharia na Agricultura (Brazil)
_xISSN 1414-3984
_g(Jan-Mar 1999), v. 7(1) p. 35-45
_wBR9903758
909 _a202311
_bLúcia
_c55
_dLúcia Elande
942 _2AGRIS
_n0
_cANA
999 _c162251
_d162251